A Conditional Indirect Effects Analysis of Intimate Partner Violence, Depression, Social Support, and Race With Alcohol Consumption among Postpartum Mothers

Alcohol use and alcohol-related mortality for pregnant and postpartum women have increased, and there are racial disparities in both alcohol consumption and pregnancy outcomes. In addition, data indicate that women of Color are more likely to experience many forms of violence and face more adverse c...

Ausführliche Beschreibung

Gespeichert in:  
Bibliographische Detailangaben
VerfasserInnen: Perrotte, Jessica K. (Verfasst von) ; Grigsby, Timothy J. (Verfasst von) ; Cordaro, Millie (Verfasst von) ; Chambless, Sidney (Verfasst von) ; Lee, Jusung (Verfasst von) ; Howard, Jeffrey T. (Verfasst von) ; Howard, Krista J. (Verfasst von)
Medienart: Elektronisch Aufsatz
Sprache:Englisch
Veröffentlicht: 2025
In: Journal of interpersonal violence
Jahr: 2025, Band: 40, Heft: 23/24, Seiten: 5657-5684
Online-Zugang: Vermutlich kostenfreier Zugang
Volltext (lizenzpflichtig)
Verfügbarkeit prüfen: HBZ Gateway
Schlagwörter:

MARC

LEADER 00000caa a22000002c 4500
001 1941541224
003 DE-627
005 20251217143012.0
007 cr uuu---uuuuu
008 251119s2025 xx |||||o 00| ||eng c
024 7 |a 10.1177/08862605241303959  |2 doi 
035 |a (DE-627)1941541224 
035 |a (DE-599)KXP1941541224 
040 |a DE-627  |b ger  |c DE-627  |e rda 
041 |a eng 
084 |a 2,1  |2 ssgn 
100 1 |a Perrotte, Jessica K.  |e VerfasserIn  |0 (orcid)0000-0002-4091-7820  |4 aut 
245 1 2 |a A Conditional Indirect Effects Analysis of Intimate Partner Violence, Depression, Social Support, and Race With Alcohol Consumption among Postpartum Mothers 
264 1 |c 2025 
336 |a Text  |b txt  |2 rdacontent 
337 |a Computermedien  |b c  |2 rdamedia 
338 |a Online-Ressource  |b cr  |2 rdacarrier 
520 |a Alcohol use and alcohol-related mortality for pregnant and postpartum women have increased, and there are racial disparities in both alcohol consumption and pregnancy outcomes. In addition, data indicate that women of Color are more likely to experience many forms of violence and face more adverse consequences from violence than non-Hispanic White women. Therefore, the current study examined how the direct and indirect pathways between intimate partner violence (IPV), depressive symptoms, and alcohol consumption are moderated by both social support and race among postpartum women. In 2022, a cross-sectional survey was administered to participants across the U.S., including 503 postpartum mothers. Participants responded to a survey battery assessing three social support strategies (appraisal support, belonging support, and tangible support), IPV, depressive symptomology, race, and alcohol consumption. A conditional process model was specified to examine the multifaceted direct and indirect relationships between IPV, the three aspects of social support, depressive symptomology, race, and alcohol consumption among postpartum mothers. Postpartum mothers experiencing violence consumed more alcohol, and depressive symptoms partially accounted for this relationship; however, some pathways were conditional upon either social support or race. For instance, women of Color who experienced violence consumed more alcohol than White women who experienced violence. Also, the protective effects of Appraisal Support in relation to depressive symptoms was stronger for White women than women of Color, while higher Belonging Support was more protective against alcohol consumption for women of Color than White women. Each social support approach contributed unique insights into the multidimensional nature of these relationships, shedding light on potential therapeutic targets for prevention–intervention efforts utilizing social support as a key buffering mechanism. 
650 4 |a Race 
650 4 |a Depression 
650 4 |a Social Support 
650 4 |a Alcohol 
650 4 |a postpartum 
650 4 |a Intimate Partner Violence 
700 1 |a Grigsby, Timothy J.  |e VerfasserIn  |0 (orcid)0000-0002-9416-4502  |4 aut 
700 1 |a Cordaro, Millie  |e VerfasserIn  |4 aut 
700 1 |a Chambless, Sidney  |e VerfasserIn  |4 aut 
700 1 |a Lee, Jusung  |e VerfasserIn  |4 aut 
700 1 |a Howard, Jeffrey T.  |e VerfasserIn  |4 aut 
700 1 |a Howard, Krista J.  |e VerfasserIn  |4 aut 
773 0 8 |i Enthalten in  |t Journal of interpersonal violence  |d London [u.a.] : Sage, 1986  |g 40(2025), 23/24, Seite 5657-5684  |h Online-Ressource  |w (DE-627)324614721  |w (DE-600)2028900-5  |w (DE-576)276556305  |x 1552-6518  |7 nnas 
773 1 8 |g volume:40  |g year:2025  |g number:23/24  |g pages:5657-5684 
856 |u https://pmc.ncbi.nlm.nih.gov/articles/PMC12174469/pdf/nihms-2064122.pdf  |x unpaywall  |z Vermutlich kostenfreier Zugang  |h repository [deprecated] 
856 4 0 |u https://doi.org/10.1177/08862605241303959  |x Resolving-System  |z lizenzpflichtig  |3 Volltext  |7 1 
935 |a mkri 
951 |a AR 
ELC |a 1 
LOK |0 000 xxxxxcx a22 zn 4500 
LOK |0 001 480843282X 
LOK |0 003 DE-627 
LOK |0 004 1941541224 
LOK |0 005 20251119043606 
LOK |0 008 251119||||||||||||||||ger||||||| 
LOK |0 035   |a (DE-2619)KrimDok#2025-11-18#BF0A89B20DE5786228781DADCBE68899842E4DEB 
LOK |0 040   |a DE-2619  |c DE-627  |d DE-2619 
LOK |0 092   |o n 
LOK |0 852   |a DE-2619 
LOK |0 852 1  |9 00 
LOK |0 935   |a zota 
LOK |0 939   |a 19-11-25  |b l01 
OAS |a 1 
ORI |a SA-MARC-krimdoka001.raw